| 000 | 01697nam a22002537a 4500 | ||
|---|---|---|---|
| 999 |
_c60455 _d60455 |
||
| 003 | Ge_BSU | ||
| 005 | 20230724122746.0 | ||
| 008 | 230721s2021ge xxu||||| |||| 00| 0 geo d | ||
| 020 | _a9789941330407 | ||
| 041 | _ager | ||
| 080 | _a821.353.1+821.112.1რ-25 | ||
| 245 |
_aრასაც სიტყვები გამოიხმობენ _bმარგბურგელი ავტორები = Was Worte heraufrufen... : Marburger Authoren und Autorinnen/ _cშეადგინა ლუდვიგ ლეგემ ; ქართულად თარგმნა დათო ბარბაქაძემ. |
||
| 250 | _aპირველი გამოცემა | ||
| 264 |
_aთბილისი : _b უნივერსალი, _c2021. |
||
| 300 |
_a114 გვ. ; _b21 სმ. |
||
| 500 | _aთარგმანები შესრულდა Neue literarische Marburg-ში მწერლის/მთარგმნელის რეზიდენტურის პროგრამის ფარგლებში. | ||
| 501 | _aყდაზე: ოტო ემბელოდე, მარბურგი ზამთარში, 1919. გარეკანი, | ||
| 546 | _aთავფურცელი და ტექსტი ქართულ და გერმანულ ენებზე | ||
| 653 | _aრასაც სიტყვები გამოიხმობენ | ||
| 700 |
_aლეგე, ლუდვიგ, _919489 _dშემდგენელი |
||
| 700 |
_eბარბაქაძე, დათო _4მთარგმნელი _919490 |
||
| 773 | _tნაჩუქარი | ||
| 942 |
_2udc _cBK |
||